Top 20 Countries by the Social Progress Index - Statistics

General Stats
  • This quiz has been taken 276 times
  • The average score is 18 of 20
Answer Stats
SPI Country % Correct
87.12 Norway
98%
82.77 United States
98%
86.95 Canada
96%
86.55 Denmark
96%
86.91 Finland
96%
84.61 Germany
96%
87.08 Sweden
95%
86.10 Australia
93%
81.11 France
93%
84.56 United Kingdom
93%
82.63 Belgium
91%
87.37 Netherlands
91%
84.21 Japan
90%
88.07 Iceland
89%
88.19 Switzerland
89%
88.24 New Zealand
88%
85.11 Austria
87%
84.05 Ireland
81%
81.28 Estonia
53%
81.65 Slovenia
44%
No matching quizzes found
Score Distribution
Percent of People with Each Score
Percentile by Number Answered
Your Score History
You have not taken this quiz